Apuntes sobre el oríjen progreso i vicisitudes de la escritura en España i de los caractéres de imprenta / (Record no. 162955)
[ view plain ]
| 000 -LEADER | |
|---|---|
| campo de control de longitud fija | 00848nam a2200193 i 4500 |
| 001 - NÚMERO DE CONTROL | |
| campo de control | 162955 |
| 003 - IDENTIFICADOR DE NÚMERO DE CONTROL | |
| campo de control | ES-MaACL |
| 005 - FECHA Y HORA DE LA ÚLTIMA TRANSACCIÓN | |
| campo de control | 20250725035239.0 |
| 008 - DATOS DE LONGITUD FIJA--INFORMACIÓN GENERAL | |
| campo de control de longitud fija | 990610s1893 cl f |||| | spa d |
| 100 1# - ENTRADA PRINCIPAL--NOMBRE DE PERSONA | |
| Nombre de persona | Ramos Ochotorena, Manuel. |
| 9 (RLIN) | 131578 |
| 245 10 - MENCIÓN DEL TÍTULO | |
| Título | Apuntes sobre el oríjen progreso i vicisitudes de la escritura en España i de los caractéres de imprenta / |
| Mención de responsabilidad, etc. | por M. Ramos Ochotorena. |
| 260 ## - PUBLICACIÓN, DISTRIBUCIÓN, ETC. | |
| Lugar de publicación, distribución, etc. | Santiago de Chile : |
| Nombre del editor, distribuidor, etc. | [s.n.], |
| Fecha de publicación, distribución, etc. | 1893 ( |
| Fabricante | Imp. Cervantes) |
| 300 ## - DESCRIPCIÓN FÍSICA | |
| Extensión | 67 p., III h. de lám. pleg. ; |
| Dimensiones | 24 cm. |
| 500 ## - NOTA GENERAL | |
| Nota general | Publicado en "Anales de la Universidad de Chile" |
| 594 ## - Nota al título y mención de responsabilidad | |
| Nota al título y mención de responsabilidad | Se ha respetado la puntuación original. |
| 650 #7 - PUNTO DE ACCESO ADICIONAL DE MATERIA--TÉRMINO DE MATERIA | |
| Término de materia o nombre geográfico como elemento de entrada | Tipos de imprenta |
| Fuente del encabezamiento o término | embne |
| 9 (RLIN) | 147448 |
| 852 ## - LOCALIZACIÓN | |
| Ubicación | ES-MaACL |
| Número de control de estantería | T-704-F-9 |
| Nota libre | - Enc. hol. conservando la rust. original |
| -- | . - Donación del autor |
| -- | - Enc. en un vol. facticio |
| Estatus retirado | Estado de pérdida | Fuente del sistema de clasificación o colocación | Estado de daño | No para préstamo | Colección | Biblioteca de origen | Biblioteca actual | Ubicación en estantería | Fecha de adquisición | Total de préstamos | Signatura topográfica completa | Código de barras | Visto por última vez | Precio de reemplazo | Tipo de ítem Koha |
|---|---|---|---|---|---|---|---|---|---|---|---|---|---|---|---|
| Clasificación decimal universal | Colección de folletos | Biblioteca del Ateneo de Madrid | Biblioteca del Ateneo de Madrid | Depósito folletos | 17/01/2008 | T-704-F | 1170735 | 23/02/2023 | 23/02/2023 | Folleto |
